<?xml version="1.0" encoding="UTF-8"?>
<record
    xmlns:xsi="http://www.w3.org/2001/XMLSchema-instance"
    xsi:schemaLocation="http://www.loc.gov/MARC21/slim http://www.loc.gov/standards/marcxml/schema/MARC21slim.xsd"
    xmlns="http://www.loc.gov/MARC21/slim">

  <leader>00802cam a2200181 i 4500</leader>
  <datafield tag="040" ind1=" " ind2=" ">
    <subfield code="c">DLC</subfield>
  </datafield>
  <datafield tag="082" ind1="0" ind2="0">
    <subfield code="a">664 FOO 1974 C158 Or.</subfield>
  </datafield>
  <datafield tag="245" ind1="0" ind2="0">
    <subfield code="a">Refrigeration applications to fish, fruit, and vegetables in South East Asia :</subfield>
    <subfield code="b">an international short-term training course, Durgapur, India, January 14-24, 1974.</subfield>
  </datafield>
  <datafield tag="260" ind1=" " ind2=" ">
    <subfield code="a">Rome :</subfield>
    <subfield code="b">Food and Agriculture Organization of the United Nations,</subfield>
    <subfield code="c">c1974.</subfield>
  </datafield>
  <datafield tag="300" ind1=" " ind2=" ">
    <subfield code="a">249 p. :</subfield>
    <subfield code="b">ill. ;</subfield>
    <subfield code="c">24 cm.</subfield>
  </datafield>
  <datafield tag="500" ind1=" " ind2=" ">
    <subfield code="a">Sponsored by Food and Agriculture Organization of the United Nations and International Institute of Refrigeration.</subfield>
  </datafield>
  <datafield tag="500" ind1=" " ind2=" ">
    <subfield code="a">Errata slip inserted.</subfield>
  </datafield>
  <datafield tag="650" ind1=" " ind2="0">
    <subfield code="a">Cold storage</subfield>
  </datafield>
  <datafield tag="650" ind1=" " ind2="0">
    <subfield code="a">Frozen foods</subfield>
  </datafield>
  <datafield tag="710" ind1="2" ind2=" ">
    <subfield code="a">Food and Agriculture Organization of the United Nations.</subfield>
  </datafield>
  <datafield tag="710" ind1="2" ind2=" ">
    <subfield code="a">International Institute of Refrigeration.</subfield>
  </datafield>
  <datafield tag="942" ind1=" " ind2=" ">
    <subfield code="c">AEDBB</subfield>
  </datafield>
  <datafield tag="999" ind1=" " ind2=" ">
    <subfield code="c">19006</subfield>
    <subfield code="d">19006</subfield>
  </datafield>
  <datafield tag="952" ind1=" " ind2=" ">
    <subfield code="0">0</subfield>
    <subfield code="1">0</subfield>
    <subfield code="4">0</subfield>
    <subfield code="6">664_000000000000000_FOO_1974_C158_OR</subfield>
    <subfield code="7">0</subfield>
    <subfield code="9">83751</subfield>
    <subfield code="a">LBC</subfield>
    <subfield code="b">LBC</subfield>
    <subfield code="d">2020-02-25</subfield>
    <subfield code="e">A38948</subfield>
    <subfield code="o">664 FOO 1974 C158 Or.</subfield>
    <subfield code="r">2020-02-25</subfield>
    <subfield code="y">EK</subfield>
  </datafield>
</record>
